000 00311nam a22001337a 4500
008 171020b xxu||||| |||| 00| 0 eng d
020 _a9781111221751
041 _aeng
080 _a338
100 _a54
101 _aMEN
245 _aINFORMATION TECHNOLOGY PROJECT MANGEMENT
_cKATHY.S
942 _2udc
_cBK
999 _c35115
_d35115